Mario Kart City Tracks - Statistics

General Stats
  • This quiz has been taken 12 times
    9 since last reset
  • The average score is 9 of 14
Answer Stats
Picture Answer % Correct
London Loop
88%
Paris Promenade
88%
Madrid Drive
75%
New York Minute
75%
Amsterdam Drift
63%
Bangkok Rush
63%
Berlin Byways
63%
Los Angeles Laps
63%
Rome Avanti
63%
Sydney Sprint
63%
Tokyo Blur
63%
Vancouver Velocity
63%
Athens Dash
50%
Singapore Speedways
13%
No matching quizzes found
Score Distribution
Percent of People with Each Score
Percentile by Number Answered
Your Score History
You have not taken this quiz since the last reset